000 00525nam a2200181Ia 4500
999 _c13771
_d13771
003 OSt
005 20201103101418.0
008 190216s9999||||xx |||||||||||||| ||und||
020 _a8124200017
040 _coclc
082 _a843
_bMAU/G
100 _a Maupassant, Guy De
_95376
245 4 _aThe Great Short Stories /
_cGuy de Maupassant
260 _bCrest Publishing House,
_c1993.
_aNew delhi:
300 _a414p
650 _aEnglish Short Stories
942 _cBK
_2ddc
_h843
_iMAU/G
_k843
_mMAU/G